Statistics for Biggest Cities per Region in the United States

Click here to take the quiz!

General Stats

  • This quiz has been taken 188 times
  • The average score is 36 of 39

Answers on the Map

Answers color-coded by a green-red scale on the quiz's map according to % correct below.
 

Answer Stats

PopulationCity% Correct
2,720,546Chicago
99%
3,971,883Los Angeles
99%
8,550,405New York City
99%
1,563,025Phoenix
99%
864,816San Francisco
99%
684,451Seattle
99%
931,830Austin
98%
667,137Boston
98%
677,116Detroit
98%
2,296,224Houston
98%
632,309Portland
98%
1,394,928San Diego
98%
1,300,092Dallas
97%
623,747Las Vegas
97%
1,567,442Philadelphia
97%
682,545Denver
96%
475,378Kansas City
96%
672,228Washington DC
96%
621,849Baltimore
95%
410,939Minneapolis
95%
681,124El Paso
94%
853,173Indianapolis
94%
388,072Cleveland
93%
644,014Nashville
93%
1,469,845San Antonio
93%
559,121Albuquerque
92%
833,319Fort Worth
92%
868,031Jacksonville
92%
258,071Buffalo
91%
850,106Columbus
91%
655,770Memphis
91%
600,155Milwaukee
91%
304,391Pittsburgh
91%
1,026,908San Jose
90%
827,097Charlotte
89%
443,885Omaha
86%
389,965Wichita
80%
281,944Newark
78%
264,290Jersey City
70%

Score Distribution

Percentile by Number Answered

Percent of People with Each Score

Your Score History

You have not taken this quiz